En busca de una economía concertada / F. Bloch-Lainé
Publicado:
[Madrid] :
Publicaciones del Centro de Formación y Perfeccionamiento de Funcionarios ,
1965
Descripción Física:
42 p. ; 21 cm
Colección:
Conferencias y documentos ; 14
Materias:
Política econòmica
MARC
| LEADER | 00000nam a2200000Ia 4500 | ||
|---|---|---|---|
| 001 | 227 | ||
| 008 | 160829s1965 xx 000 0 cat d | ||
| 080 | |a FU-30-8 | ||
| 100 | |a Bloch-Lainé, François |9 23713 | ||
| 245 | |a En busca de una economía concertada / F. Bloch-Lainé | ||
| 260 | |a [Madrid] : |b Publicaciones del Centro de Formación y Perfeccionamiento de Funcionarios, |c 1965 | ||
| 300 | |a 42 p. ; |c 21 cm | ||
| 490 | |a Conferencias y documentos ; 14 | ||
| 650 | 0 | |a Política econòmica |9 23714 | |
| 901 | |a Arxiu | ||
| 942 | |n 1 | ||
| 952 | |0 0 |1 0 |4 0 |6 FU308 |7 1 |9 42822 |a Arxiu |b Arxiu |d 2016-12-01 |l 0 |o FU-30-8 |p 227 |r 2016-12-01 00:00:00 |w 2016-12-01 |y ARXIU | ||
| 999 | |c 45328 |d 45328 | ||